Statystyki dla Państwa według jednej podpowiedzi #11

Kliknij tutaj aby rozwiązać quiz!

Ogólne statystyki

  • Ten quiz został rozwiązany 2 793 razy
  • Średni wynik to 9 z 20

Statystyki odpowiedzi

Podpowiedź:Państwo% Poprawnych
W jego granicach leżą takie miasta jak: Gandawa, Antwerpia i Brugia.Belgia
86%
Mimo światowego sprzeciwu będzie gościć Mistrzostwa Świata w Piłce Nożnej 2022.Katar
86%
Ma najsilniejszą gospodarkę w Europie.Niemcy
85%
Transylwania jest częścią tego państwa.Rumunia
80%
Największe państwo Afryki według powierzchnii do 2011 roku.Sudan
69%
Zajmowało ponad 25% powierzchni światowych lądów w 1920 roku.Wielka Brytania
65%
Jest najbliższym sąsiadem Australii.Papua-Nowa Gwinea
62%
Jago największą wyspą jest Ziemia Baffina.Kanada
48%
W 2011 roku skazano tam kobietę na 10 batów za prowadzenie samochodu (decyzja została unieważniona przez króla).Arabia Saudyjska
47%
Rosja wynajmuje od niego swój kosmodrom, zwany Bajkonur.Kazachstan
46%
Leżą tam jeziora: Garda i Como.Włochy
42%
Hamlet był fikcyjnym księciem tego państwa.Dania
41%
W 2011 został tam zabity Osama bin Laden.Pakistan
39%
Nazwa jego stolicy zaczyna sie na "B", a największego miasta na "Z".Szwajcaria
33%
W jego granicach leżą takie miasta jak: Chiang Mai i Chiang Rai.Tajlandia
32%
Było rządzone przez Hajlego Syllasjego I.Etiopia
23%
Miało dziesięciodniowy tydzień od 1793 do 1805 roku.Francja
19%
Jedyne państwo, które zostało wyrzucone z ONZ.Tajwan
18%
Został tam nakręcony film "Dźwięk muzyki".Austria
14%
Dawna pierwsza dama - Imelda Marcos miała tysiące par butów.Filipiny
9%

Rozkład punktacji

Percentyl według liczby udzielonych odpowiedzi

Procent ludzi z każdym wynikiem

Twoja historia wyników

Nie rozwiązałeś tego quizu